| 000 | 01899nam a2200493 c 4500 | ||
|---|---|---|---|
| 001 | 20057 | ||
| 003 | ES-MaCES | ||
| 005 | 20150929135502.0 | ||
| 008 | 070514s2006 sp t o000 | spa d | ||
| 017 |
_aM 52412-2006 _bDL |
||
| 020 | _a8481882674 | ||
| 035 | _aCES20070005588m | ||
| 040 |
_aES-MaCES _bspa _cES-MaCES |
||
| 245 | 0 | 0 |
_aCorresponsabilidad fiscal y financiación de los servicios públicos fundamentales _cAntonio Cayón Galiardo, director ; Juan A. Gimeno Ullastres, Ana Herrero Alcalde, coordinadores ; [autores], José Almudí Cid ... [et al.] |
| 250 | _a1ª ed | ||
| 260 |
_aMadrid _bConsejo Económico y Social _c2006 |
||
| 300 |
_a486 p. _c23 cm |
||
| 490 | 1 |
_aColección Estudios _v194 |
|
| 500 | _aPremio de investigación del Consejo Económico y Social, 2004 | ||
| 504 | _aBibliografía: p. 475-486 | ||
| 541 | _cGratuito | ||
| 650 | 4 |
_aadministración fiscal _927209 |
|
| 650 | 4 |
_afinanciación _928125 |
|
| 650 | 4 |
_aadministración financiera _927208 |
|
| 650 | 4 |
_aservicios públicos _927230 |
|
| 650 | 4 |
_agasto público _928076 |
|
| 650 | 4 |
_adescentralización _927218 |
|
| 650 | 4 |
_aComunidades Autónomas _930768 |
|
| 650 | 4 |
_aEspaña _926964 |
|
| 650 | 4 |
_aestudio de casos _928846 |
|
| 650 | 4 |
_acomparación _928892 |
|
| 653 | 1 | 0 | _aAdministración-Instituciones públicas |
| 650 | 4 |
_926752 _aUE |
|
| 700 | 1 |
_aAlmudí Cid, José _95983 |
|
| 700 | 1 |
_aCayón Galiardo, Antonio _edir. _99359 |
|
| 700 | 1 |
_aGimeno Ullastres, Juan A. _ecol. _913433 |
|
| 700 | 1 |
_aHerrero Alcalde, Ana _ecol. _914767 |
|
| 710 | 2 |
_aConsejo Económico y Social (España) _eed. _92408 |
|
| 711 | 2 |
_aPremio de Investigación del Consejo Económico y Social (España) _d2004 _91009 |
|
| 830 | 0 |
_aColección Estudios (Consejo Económico y Social (España)) _v194 _932341 |
|
| 902 | _aLIB Libro | ||
| 942 |
_2CES _cBK _h6.3. |
||
| 999 |
_c20057 _d20057 |
||